Normal view MARC view

Entry Personal Name

Number of records used in: 1

001 - CONTROL NUMBER

  • control field: 10026

003 - CONTROL NUMBER IDENTIFIER

  • control field: DLC

005 - DATE AND TIME OF LATEST TRANSACTION

  • control field: 20231205103630.0

008 - FIXED-LENGTH DATA ELEMENTS

  • fixed length control field: 090806n| azannaabn |a aaa

010 ## - LIBRARY OF CONGRESS CONTROL NUMBER

  • LC control number: n 2009200046

040 ## - CATALOGING SOURCE

  • Original cataloging agency: DLC
  • Language of cataloging: eng
  • Description conventions: rda
  • Transcribing agency: DLC
  • Modifying agency: DLC

046 ## - SPECIAL CODED DATES

  • Birth date: 1963-09-05
  • Source of date scheme: edtf

100 1# - HEADING--PERSONAL NAME

  • Personal name: Yadav, Yogendra

370 ## - ASSOCIATED PLACE

  • Place of birth: Saharanwas (India)

370 ## - ASSOCIATED PLACE

  • Place of residence/headquarters: Delhi (India)
  • Source of term: naf

372 ## - FIELD OF ACTIVITY

  • Field of activity: Politics, Practical
  • Field of activity: Political science
  • Field of activity: College teaching
  • Source of term: lcsh

373 ## - ASSOCIATED GROUP

  • Associated group: Centre for the Study of Developing Societies
  • Source of term: naf
  • Start period: 2004

373 ## - ASSOCIATED GROUP

  • Associated group: Panjab University
  • Source of term: naf
  • Start period: 1985
  • End period: 1993

374 ## - OCCUPATION

  • Occupation: Senior fellow
  • Occupation: Psephologist

374 ## - OCCUPATION

  • Occupation: Politicians
  • Occupation: University and college faculty members
  • Source of term: lcdgt

375 ## - GENDER

  • Gender: Males
  • Source of term: lcdgt

377 ## - ASSOCIATED LANGUAGE

  • Language code: eng

400 0# - SEE FROM TRACING--PERSONAL NAME

  • Personal name: Yogendra Yadav

670 ## - SOURCE DATA FOUND

  • Source citation: Electoral politics in Indian states, 2009:
  • Information found: t.p. (Yogendra Yadav) jkt. (sr. fellow, Centre for the Study of Developing Societies, Delhi)

670 ## - SOURCE DATA FOUND

  • Source citation: Making sense of Indian democracy, 2020:
  • Information found: title page (Yogendra Yadav) page 4 of cover (as been fellow of the Centre for the Study of Developing Societies, Delhi and of the Wissenschaftskolleg Zu, Berlin, held visiting fellowships at Columbia, Michigan, and Brown Universities, currently national president of Swaraj India, a political party)

670 ## - SOURCE DATA FOUND

  • Source citation: Wikipedia, viewed on June 29, 2021
  • Information found: (Yogendra Yadav, Indian activist, psephologist and politician, born on September 5, 1963 at Saharanwas, Haryana; former member of University Grants Commission (UGC) and National Advisory Council on Right to Education Act (NAC-RTE) constituted by Ministry of Human Resources and Development, Government of India in 2010; before joining CSDS, he was a professor of Political science at Panjab University, Chandigarh from 1985-1993)
  • Uniform Resource Identifier: https://en.wikipedia.org/wiki/Yogendra_Yadav

Powered by Koha